5HLuxD.jpg

KING HENRY VIII SENIOR AND PRIMARY SCHOOL LIBRARY OPAC

The 7 habits of highly effective teens : (Record no. 600)

000 -LEADER
fixed length control field 01190cam a2200301 i 4500
001 - CONTROL NUMBER
control field 005487073
003 - CONTROL NUMBER IDENTIFIER
control field OSt
005 - DATE AND TIME OF LATEST TRANSACTION
control field 20190904092838.0
008 - FIXED-LENGTH DATA ELEMENTS--GENERAL INFORMATION
fixed length control field 161005s2014 nyua b 001 0 eng
020 ## - INTERNATIONAL STANDARD BOOK NUMBER
International Standard Book Number 9781476764665
Qualifying information (pbk.) :
040 ## - CATALOGING SOURCE
Original cataloging agency NCNU
Language of cataloging eng
Transcribing agency NCNU
Modifying agency NCNU
Description conventions AACR2
042 ## - AUTHENTICATION CODE
Authentication code nbic
082 00 - DEWEY DECIMAL CLASSIFICATION NUMBER
Classification number 158 COV
Edition number 23
100 1# - MAIN ENTRY--PERSONAL NAME
Personal name Covey, Sean.
Relator term author
245 14 - TITLE STATEMENT
Title The 7 habits of highly effective teens :
Remainder of title the ultimate teenage success guide /
Statement of responsibility, etc. Sean Covey.
246 3# - VARYING FORM OF TITLE
Title proper/short title Seven habits of highly effective teens
260 ## - PUBLICATION, DISTRIBUTION, ETC.
Place of publication, distribution, etc. New York :
Name of publisher, distributor, etc. Simon & Schuster,
Date of publication, distribution, etc. 2014.
300 ## - PHYSICAL DESCRIPTION
Extent xvii, 266 pages :
Other physical details illustrations ;
Dimensions 24 cm.
336 ## - CONTENT TYPE
Content type term text
Content type code txt
Source rdacontent.
337 ## - MEDIA TYPE
Media type term unmediated
Media type code n
Source rdamedia.
338 ## - CARRIER TYPE
Carrier type term volume
Carrier type code nc
Source rdacarrier.
504 ## - BIBLIOGRAPHY, ETC. NOTE
Bibliography, etc. note Includes bibliographical references (pages 256-257) and index.
520 ## - SUMMARY, ETC.
Summary, etc. Explores the adolescent years and draws on extensive research to offer teens practical ways to cope with such important issues as peers, parents, relationships, school choices, and the future.
650 #0 - SUBJECT ADDED ENTRY--TOPICAL TERM
Topical term or geographic name entry element Teenagers
General subdivision Conduct of life.
650 #0 - SUBJECT ADDED ENTRY--TOPICAL TERM
Topical term or geographic name entry element Success
General subdivision Psychological aspects.
650 #0 - SUBJECT ADDED ENTRY--TOPICAL TERM
Topical term or geographic name entry element Teenagers
General subdivision Life skills guides.
942 ## - ADDED ENTRY ELEMENTS (KOHA)
Source of classification or shelving scheme
Koha item type Books - Non Ficton
Holdings
Withdrawn status Lost status Source of classification or shelving scheme Damaged status Not for loan Collection code Permanent Location Current Location Shelving location Date acquired Total Checkouts Full call number Barcode Date last seen Date last checked out Price effective from Koha item type
          Non-Fiction KH8 Senior School Library KH8 Senior School Library Non Fiction 2019-09-04 2 158 COV 3KHSL000101338 2020-03-09 2020-02-21 2019-09-04 Books - Non Ficton

Powered By KH8 IT Dept